LIBRARY ONLINE CATALOGUE

The Holy spirit / (Record no. 7594)

MARC details
000 -LEADER
fixed length control field 00604cam a22002052 4500
001 - CONTROL NUMBER
control field 0000008480
005 - DATE AND TIME OF LATEST TRANSACTION
control field 20151217152034.0
008 - FIXED-LENGTH DATA ELEMENTS--GENERAL INFORMATION
fixed length control field 080415s xx 000 0 eng d
020 ## - INTERNATIONAL STANDARD BOOK NUMBER
International Standard Book Number 0851118956 :
Terms of availability KES 1450
040 ## - CATALOGING SOURCE
Original cataloging agency KABU
Transcribing agency KABU
100 1# - MAIN ENTRY--PERSONAL NAME
Personal name Ferguson, Sinclair B.
-- 0000148808
245 14 - TITLE STATEMENT
Title The Holy spirit /
Statement of responsibility, etc. Sinclair B. Ferguson.
260 ## - PUBLICATION, DISTRIBUTION, ETC. (IMPRINT)
Place of publication, distribution, etc. Downers Grove, IL. :
Name of publisher, distributor, etc. IVP,
Date of publication, distribution, etc. 1996.
300 ## - PHYSICAL DESCRIPTION
Extent 288 p.
440 #0 - SERIES STATEMENT/ADDED ENTRY--TITLE
Title Contours of Christian theology
-- 0000159082
650 #0 - SUBJECT ADDED ENTRY--TOPICAL TERM
Topical term or geographic name as entry element Holy Spirit.
-- 0000149390
908 ## - PUT COMMAND PARAMETER (RLIN)
Put command parameter 080415
950 ## - LOCAL HOLDINGS (RLIN)
-- 1
Holdings
Withdrawn status Lost status Source of classification or shelving scheme Not for loan Home library Current library Date acquired Total Checkouts Full call number Barcode Date last seen Date last checked out Copy number Price effective from Koha item type Source of acquisition Inventory number
    Library of Congress Classification   Kabarak, Main Campus Kabarak, Main Campus 17/12/2015 1 BT121.2 .F46 1996 C.1 005894 02/08/2024 13/11/2017 C.1 17/12/2015 General Collection    
    Library of Congress Classification   Kabarak, Main Campus Kabarak, Main Campus 17/12/2015   BT121.2 .F46 1996 C.2 38892 01/12/2025   C.2 17/12/2015 General Collection Donation 2025/2428